A contribution to the flora and plant formations of Mount Kinabalu and the highlands of British North Borneo

Bibliographic Details
Main Author: GIBBS 1870-
Other Authors: Beaman
Format: Book
Published: Kota Kinabalu, Sabah : Natural History Pub. , 2001
Subjects:

MARC

LEADER 00000cam a2200000 7i4500
001 0000002015
005 20020801.0
020 0 0 |a 9838120561 
090 0 0 |a R581.959521   |b GIB 2001 
100 1 0 |a GIBBS   |h Lilian S.   |c 1870- 
245 1 2 |a A contribution to the flora and plant formations of Mount Kinabalu and the highlands of British North Borneo   |c Lilian S. Gibbs   |f with an introduction by John H. Beaman 
260 0 0 |a Kota Kinabalu, Sabah :   |b Natural History Pub. ,   |c 2001 
300 |a xii, 240 p., [6] leaves of plates :   |b ill., maps ;   |c 26 cm. 
500 0 0 |a Bibliography: p. xii 
650 0 0 |a Botany   |z Sabah 
650 0 0 |a Plants   |z Sabah 
700 0 1 |a Beaman   |h John H. 
998 |a JPSM 
999 |a 0000003324   |b Monograph   |c Reference   |e Default branch 
999 |a 0000003521   |b Monograph   |c Open Shelf   |e Default branch